000 00457nam a2200181 a 4500
001 4973
003 CO-ViMGA
008 141112s2004 ck r 000 u spa d
040 _aCO-ViMGA
_bspa
_cCO-ViMGA
082 0 4 _a292.08 C373u
100 1 _aCerezales, Agustin
_93163
245 1 0 _aEl regreso de Ulises
260 _aMadrid :
_bAnaya,
_c1993
300 _a31 p : il
490 _aEl sendero de los mitos
650 1 4 _aMITOLOGIA GRIEGA
942 _2ddc
_cBK
999 _c16975
_d16975